[Event "Krakow op-B 33rd"]
[Site "Krakow"]
[Date "2022.12.29"]
[Round "3"]
[White "Liberadzki, Slawomir"]
[Black "Wojtyra, Dariusz"]
[Result "1/2-1/2"]
[WhiteElo "2008"]
[BlackElo "1912"]
[PlyCount "183"]
[EventDate "2022.12.27"]
[EventType "swiss"]
[EventRounds "9"]
[EventCountry "POL"]
[SourceTitle "CBM 212 Extra"]
[Source "ChessBase"]
[SourceDate "2023.03.31"]
[SourceVersion "1"]
[SourceVersionDate "2023.03.31"]
[SourceQuality "1"]

1. e4 e6 2. d4 d5 3. e5 c5 4. c3 Qb6 5. Nf3 Bd7 6. a3 a5 7. Bd3 Bb5 8. 0-0 Nc6 9. Be3 Bxd3 10. Qxd3 Qxb2 11. Nbd2 c4 12. Qb1 Qxb1 13. Rfxb1 Nd8 14. a4 Ne7 15. Bg5 h6 16. Bxe7 Bxe7 17. Rb5 Kd7 18. Nb1 Ra6 19. Na3 Kc6 20. Ne1 f6 21. f4 g5 22. exf6 Bxf6 23. fxg5 hxg5 24. h3 Nf7 25. Nf3 Nd6 26. Rc5+ Kd7 27. Nb5 Ne8 28. Na3 Rf8 29. Rf1 Be7 30. Ne5+ Kd8 31. Nf7+ Rxf7 32. Rxf7 Bxc5 33. dxc5 Rc6 34. Rxb7 Rxc5 35. Nb5 e5 36. Kf2 Nc7 37. Nxc7 Rxc7 38. Rb5 Rd7 39. Rxa5 Ke7 40. Kf3 Kd6 41. Ra6+ Kc5 42. Re6 e4+ 43. Ke3 Ra7 44. Re8 Rxa4 45. Rc8+ Kd6 46. Rd8+ Ke6 47. Re8+ Kd7 48. Re5 Kc6 49. Rxg5 Ra2 50. h4 Rc2 51. h5 Rxc3+ 52. Ke2 Rc1 53. Rg3 Ra1 54. h6 Ra8 55. h7 Rh8 56. Rh3 d4 57. g4 d3+ 58. Kd2 Kc5 59. g5 Kd4 60. g6 c3+ 61. Ke1 e3 62. Rh4+ Kc5 63. g7 Ra8 64. Rc4+ Kb5 65. Kf1 e2+ 66. Kf2 Re8 67. g8Q e1Q+ 68. Kg2 Re2+ 69. Kh3 Qf1+ 70. Kh4 Rh2+ 71. Kg5 Rg2+ 72. Rg4 Rxg4+ 73. Kxg4 d2 74. Qb3+ Ka6 75. Qa4+ Kb6 76. Qb4+ Qb5 77. Qd6+ Qc6 78. Qd8+ Kc5 79. h8Q Qg2+ 80. Kf5 Qf3+ 81. Kg6 Qg4+ 82. Kf7 Qf3+ 83. Qhf6 d1Q 84. Qdb6+ Kc4 85. Qa6+ Kb3 86. Qb5+ Kc2 87. Qa4+ Kd3 88. Qad4+ Kc2 89. Qa4+ Kb2 90. Qb4+ Kc2 91. Qa4+ Kb2 92. Qxd1 1/2-1/2

[Event "Krakow op-B 24th"]
[Site "Krakow"]
[Date "2013.12.30"]
[Round "5"]
[White "Eggink, Mateusz"]
[Black "Wojtyra, Dariusz"]
[Result "1-0"]
[WhiteElo "2053"]
[BlackElo "1950"]
[PlyCount "57"]
[EventDate "2013.12.27"]
[EventType "swiss"]
[EventRounds "9"]
[EventCountry "POL"]
[SourceTitle "CBM 158 Extra"]
[Source "ChessBase"]
[SourceDate "2014.02.28"]
[SourceVersion "1"]
[SourceVersionDate "2014.02.28"]
[SourceQuality "1"]

1. e4 e5 2. Nf3 Nc6 3. d4 exd4 4. Nxd4 Nf6 5. Nxc6 bxc6 6. e5 Qe7 7. Qe2 Nd5 8. c4 Nb6 9. b3 Ba6 10. g3 0-0-0 11. Bg2 f6 12. f4 Re8 13. Bb2 fxe5 14. fxe5 g6 15. Nd2 Bg7 16. Nf3 Qb4+ 17. Qd2 Qxd2+ 18. Kxd2 Rhf8 19. Rae1 g5 20. Rhf1 g4 21. Nh4 Rxf1 22. Bxf1 d6 23. Bd3 Kd8 24. Bxh7 Nd7 25. Bg6 Rf8 26. e6 Rf2+ 27. Kd1 Ne5 28. Bxe5 Bxe5 29. Rxe5 1-0

[Event "Warsaw YMCA Summer-B 64th"]
[Site "Warsaw"]
[Date "2009.08.26"]
[Round "8"]
[White "Wojtyra, Dariusz"]
[Black "Staniak, Mariusz"]
[Result "1-0"]
[WhiteElo "1939"]
[BlackElo "1949"]
[PlyCount "161"]
[EventDate "2009.07.08"]
[EventType "tourn"]
[EventRounds "9"]
[EventCountry "POL"]
[SourceTitle "EXT 2011"]
[Source "ChessBase"]
[SourceDate "2010.11.26"]
[SourceVersion "1"]
[SourceVersionDate "2010.11.26"]
[SourceQuality "1"]

1. e4 e5 2. Nf3 Nc6 3. Bb5 a6 4. Ba4 Nf6 5. 0-0 Be7 6. Re1 b5 7. Bb3 d6 8. h3 Na5 9. d4 Nxb3 10. axb3 exd4 11. Qxd4 0-0 12. c4 Bb7 13. Nc3 b4 14. Nd5 Nxd5 15. cxd5 a5 16. Be3 Bf6 17. Qd2 Re8 18. Bd4 c5 19. Bxf6 Qxf6 20. Qc2 Qg6 21. Rac1 h6 22. Kh2 Qf6 23. Kg1 Ba6 24. Ra1 Bb5 25. e5 Qd8 26. Rec1 dxe5 27. Qxc5 Bd7 28. Qd6 Bf5 29. Qxd8 Rexd8 30. Rc5 Be4 31. Raxa5 Rxa5 32. Rxa5 Rxd5 33. Rxd5 Bxd5 34. Nxe5 Bxb3 35. Nc6 Kf8 36. Nxb4 Ke7 37. Kf1 Bc4+ 38. Ke1 Kd6 39. Nc2 Kc5 40. Kd2 Bd5 41. g3 Be6 42. h4 Kc4 43. Ne3+ Kb3 44. Kc1 Bd7 45. Nf1 Bf5 46. Nd2+ Kb4 47. Kd1 Bd3 48. Nf3 Be4 49. Ke2 Bd5 50. Nd2 Kb5 51. Kd3 Kb4 52. Kd4 Be6 53. Ne4 Bg4 54. Nd6 Be6 55. Ne8 g5 56. hxg5 hxg5 57. Ke5 Kb3 58. Kf6 g4 59. Nd6 Kxb2 60. Nxf7 Bc4 61. Ne5 Be2 62. Kg5 Kc3 63. Nxg4 Kd4 64. f4 Kd5 65. f5 Kd6 66. Kf4 Ke7 67. Ne5 Kf6 68. g4 Kg7 69. g5 Bd1 70. f6+ Kg8 71. g6 Ba4 72. Kg5 Kf8 73. Ng4 Bb3 74. g7+ Kg8 75. Ne5 Kh7 76. Nc6 Bc4 77. Ne7 Be6 78. g8Q+ Bxg8 79. Nxg8 Kxg8 80. Kg6 Kh8 81. Kf7 1-0

[Event "Warsaw YMCA Summer-B 64th"]
[Site "Warsaw"]
[Date "2009.08.12"]
[Round "6"]
[White "Pekacki, Stanislaw"]
[Black "Wojtyra, Dariusz"]
[Result "0-1"]
[WhiteElo "1910"]
[BlackElo "1939"]
[PlyCount "72"]
[EventDate "2009.07.08"]
[EventType "tourn"]
[EventRounds "9"]
[EventCountry "POL"]
[SourceTitle "EXT 2011"]
[Source "ChessBase"]
[SourceDate "2010.11.26"]
[SourceVersion "1"]
[SourceVersionDate "2010.11.26"]
[SourceQuality "1"]

1. e4 e5 2. Nf3 Nc6 3. Bb5 f5 4. Nc3 fxe4 5. Nxe4 d5 6. Nxe5 dxe4 7. Qh5+ g6 8. Nxg6 hxg6 9. Qxh8 Be6 10. b3 Qd5 11. Bc4 Qd7 12. Bxe6 Qxe6 13. Bb2 0-0-0 14. 0-0-0 Bc5 15. Qh4 Qf5 16. g4 Qf7 17. Rhf1 Bd4 18. Qg3 Qf6 19. c3 Be5 20. Qe3 Nb4 21. Qxe4 Nd3+ 22. Kb1 Bxh2 23. f3 g5 24. Ba3 Be5 25. Qh7 Kb8 26. Rg1 Qxf3 27. Be7 Nxe7 28. Qxe7 Bf6 29. Qe6 Nf2 30. Rc1 Rxd2 31. Qc4 Ne4 32. Rgf1 Qg2 33. Rc2 Nxc3+ 34. Qxc3 Qxf1+ 35. Rc1 Qf4 36. Re1 b6 0-1

[Event "Warsaw YMCA Summer-B 64th"]
[Site "Warsaw"]
[Date "2009.07.28"]
[Round "1"]
[White "Wojtyra, Dariusz"]
[Black "Bielecki, Pawel"]
[Result "1-0"]
[WhiteElo "1939"]
[BlackElo "1986"]
[PlyCount "85"]
[EventDate "2009.07.08"]
[EventType "tourn"]
[EventRounds "9"]
[EventCountry "POL"]
[SourceTitle "EXT 2011"]
[Source "ChessBase"]
[SourceDate "2010.11.26"]
[SourceVersion "1"]
[SourceVersionDate "2010.11.26"]
[SourceQuality "1"]

1. e4 e6 2. d4 d5 3. e5 c5 4. c3 Nc6 5. Nf3 Qb6 6. a3 c4 7. Nbd2 Na5 8. Rb1 Bd7 9. Ng5 Nh6 10. f4 Be7 11. Qh5 Nb3 12. Nxb3 Qxb3 13. Ra1 Qc2 14. Be2 Ba4 15. Nxe6 Kd7 16. Nxg7 Qg6 17. Qh3+ Kc7 18. f5 Qxg7 19. Bxh6 Qg8 20. Bf4 Kb6 21. Bf3 Rd8 22. Qh6+ Ka5 23. Bd2 Bc2 24. g4 Ka4 25. Bf4 Kb3 26. Kd2 f6 27. exf6 Bd6 28. Bxd6 Rxd6 29. f7 Qf8 30. Qf4 Rd7 31. Qe5 Qh6+ 32. Ke2 Bd3+ 33. Kf2 Qh4+ 34. Kg2 Be4 35. h3 Re7 36. Qd6 Rd8 37. Qb4+ Kc2 38. Qa4+ Kxb2 39. Qb4+ Kc2 40. Ra2+ Kd3 41. Qb1+ Ke3 42. Qc1+ Kd3 43. Rd1# 1-0

[Event "Warsaw YMCA Spring 47th"]
[Site "Warsaw"]
[Date "2008.06.05"]
[Round "8"]
[White "Choroszej, Aleksander"]
[Black "Wojtyra, Dariusz"]
[Result "1/2-1/2"]
[WhiteElo "1884"]
[BlackElo "1941"]
[PlyCount "89"]
[EventDate "2008.04.03"]
[EventType "tourn"]
[EventRounds "11"]
[EventCountry "POL"]
[SourceTitle "EXT 2019"]
[Source "ChessBase"]
[SourceDate "2018.10.10"]
[SourceVersion "1"]
[SourceVersionDate "2018.10.10"]
[SourceQuality "1"]

1. d4 Nf6 2. c4 e6 3. Nc3 Bb4 4. Qc2 c5 5. e3 0-0 6. Bd3 d5 7. cxd5 exd5 8. Nge2 c4 9. Bf5 b5 10. 0-0 a6 11. Nf4 Bxc3 12. bxc3 Nc6 13. Ba3 Re8 14. Rab1 Ne4 15. Bxe4 Rxe4 16. Ne2 Qg5 17. Ng3 Re8 18. Bd6 Qf6 19. Bc5 Bd7 20. a4 Na5 21. axb5 axb5 22. e4 dxe4 23. Nxe4 Qg6 24. f3 Bc6 25. Qf2 Nb3 26. Rbe1 Nxc5 27. dxc5 h6 28. Nd6 Rxe1 29. Rxe1 Qd3 30. Qd4 Qxd4+ 31. cxd4 Ra2 32. Rc1 Rd2 33. Nf5 Kf8 34. Kf1 g6 35. Nxh6 Rxd4 36. Ra1 c3 37. Ng4 Rc4 38. Ne5 Rxc5 39. Nd3 Rh5 40. Rc1 Rxh2 41. Rxc3 Rh1+ 42. Kf2 Bd5 43. Rc5 Bc4 44. Ne5 Kg7 45. Nxc4 1/2-1/2

[Event "Warsaw YMCA Spring 47th"]
[Site "Warsaw"]
[Date "2008.05.08"]
[Round "5"]
[White "Wojtyra, Dariusz"]
[Black "Szewczak, Andrzej"]
[Result "0-1"]
[WhiteElo "1941"]
[BlackElo "1902"]
[PlyCount "74"]
[EventDate "2008.04.03"]
[EventType "tourn"]
[EventRounds "11"]
[EventCountry "POL"]
[SourceTitle "EXT 2019"]
[Source "ChessBase"]
[SourceDate "2018.10.10"]
[SourceVersion "1"]
[SourceVersionDate "2018.10.10"]
[SourceQuality "1"]

1. e4 e5 2. Nf3 Nc6 3. Bb5 a6 4. Ba4 b5 5. Bb3 Bc5 6. 0-0 d6 7. c3 Be6 8. Bxe6 fxe6 9. d4 Bb6 10. dxe5 dxe5 11. Qb3 Qe7 12. a4 Rb8 13. axb5 axb5 14. Na3 Nf6 15. Nxb5 0-0 16. Qc4 Na5 17. Qa4 Ng4 18. Bg5 Qe8 19. Bh4 Qh5 20. Bg3 Rf6 21. h3 Rh6 22. b4 Nc4 23. Nxc7 Nce3 24. fxe3 Nxe3 25. Bf2 Nxg2 26. Bxb6 Nf4 27. Kf2 Qg6 28. Qd1 Qxe4 29. Be3 Nxh3+ 30. Ke2 Nf4+ 31. Kf2 Nh3+ 32. Ke2 Rg6 33. Rh1 Nf4+ 34. Kf1 Rg3 35. Bxf4 Rxf3+ 36. Kg1 Qg6+ 37. Kh2 Qh5+ 0-1

[Event "Warsaw YMCA Spring 34th"]
[Site "Warsaw"]
[Date "2007.06.13"]
[Round "12"]
[White "Szefer, Michal"]
[Black "Wojtyra, Dariusz"]
[Result "0-1"]
[WhiteElo "1987"]
[BlackElo "1968"]
[PlyCount "88"]
[EventDate "2007.03.28"]
[EventType "tourn"]
[EventRounds "13"]
[EventCountry "POL"]
[SourceTitle "EXT 2019"]
[Source "ChessBase"]
[SourceDate "2018.10.10"]
[SourceVersion "1"]
[SourceVersionDate "2018.10.10"]
[SourceQuality "1"]

1. e4 e5 2. f4 exf4 3. Nf3 g5 4. d4 Bg7 5. Bc4 d6 6. 0-0 h6 7. c3 Nc6 8. b4 Nf6 9. Qb3 0-0 10. Nbd2 Ng4 11. b5 Ne7 12. Re1 Ne3 13. Nf1 Nxc4 14. Qxc4 Be6 15. d5 Bg4 16. Nd4 Ng6 17. Qb3 Qe7 18. Bb2 Rae8 19. Nf5 Bxf5 20. exf5 Ne5 21. c4 Qf6 22. Qc2 Nf3+ 23. gxf3 Qxb2 24. Qxb2 Bxb2 25. Rad1 Bc3 26. Rxe8 Rxe8 27. Nd2 Bxd2 28. Rxd2 Kg7 29. Kf2 Kf6 30. a4 Kxf5 31. a5 Kg6 32. Rd3 f5 33. b6 cxb6 34. axb6 a6 35. Rd4 Kf6 36. h4 Re3 37. Rd1 g4 38. fxg4 fxg4 39. c5 dxc5 40. d6 Re8 41. Rd5 Ke6 42. Rxc5 Kxd6 43. Rf5 g3+ 44. Kf1 Ke7 0-1

[Event "Warsaw YMCA Spring 34th"]
[Site "Warsaw"]
[Date "2007.06.06"]
[Round "11"]
[White "Wojtyra, Dariusz"]
[Black "Piotrowski, Arkadiusz"]
[Result "0-1"]
[WhiteElo "1968"]
[BlackElo "1929"]
[PlyCount "62"]
[EventDate "2007.03.28"]
[EventType "tourn"]
[EventRounds "13"]
[EventCountry "POL"]
[SourceTitle "EXT 2019"]
[Source "ChessBase"]
[SourceDate "2018.10.10"]
[SourceVersion "1"]
[SourceVersionDate "2018.10.10"]
[SourceQuality "1"]

1. e4 c6 2. d4 d5 3. exd5 cxd5 4. c4 Nf6 5. Nf3 Nc6 6. Nc3 e6 7. c5 Be7 8. Bb5 0-0 9. 0-0 Bd7 10. Re1 a6 11. Ba4 a5 12. Be3 b6 13. Bxc6 Bxc6 14. Ne5 Be8 15. Na4 bxc5 16. dxc5 Ne4 17. f3 Bxa4 18. Qxa4 Nxc5 19. Qd4 Bf6 20. f4 Ne4 21. a3 Rb8 22. b4 axb4 23. axb4 Qd6 24. Rab1 Rfc8 25. b5 Nc3 26. Qa7 Bxe5 27. fxe5 Qxe5 28. b6 Nxb1 29. b7 Re8 30. Rxb1 Qe4 31. Qb6 Rxb7 0-1

[Event "Warsaw YMCA Spring 34th"]
[Site "Warsaw"]
[Date "2007.05.09"]
[Round "7"]
[White "Kwiatkowski, Andrzej"]
[Black "Wojtyra, Dariusz"]
[Result "0-1"]
[WhiteElo "1868"]
[BlackElo "1968"]
[PlyCount "86"]
[EventDate "2007.03.28"]
[EventType "tourn"]
[EventRounds "13"]
[EventCountry "POL"]
[SourceTitle "EXT 2019"]
[Source "ChessBase"]
[SourceDate "2018.10.10"]
[SourceVersion "1"]
[SourceVersionDate "2018.10.10"]
[SourceQuality "1"]

1. e4 e5 2. Nf3 Nc6 3. Nc3 d6 4. d4 Bg4 5. Bb5 Bxf3 6. gxf3 exd4 7. Qxd4 Qf6 8. Qa4 Nge7 9. Nd5 Qxf3 10. Rg1 0-0-0 11. Nxe7+ Bxe7 12. Bxc6 bxc6 13. Qxc6 Bh4 14. Qa6+ Kd7 15. Qb5+ c6 16. Qf5+ Qxf5 17. exf5 Bf6 18. Rb1 Rhe8+ 19. Kf1 Re5 20. Bg5 Ke7 21. Re1 Bxg5 22. Rxe5+ dxe5 23. Rxg5 Kf6 24. Rg3 Rd1+ 25. Ke2 Rb1 26. Ra3 Rxb2 27. Rxa7 Rxc2+ 28. Ke3 h5 29. a4 Ra2 30. a5 c5 31. a6 c4 32. h4 Ra4 33. Rc7 Rxa6 34. Rxc4 Kxf5 35. f3 Rd6 36. Rc7 Kg6 37. Rc4 f6 38. Ke4 Rd4+ 39. Rxd4 exd4 40. Kxd4 Kf5 41. Ke3 Ke5 42. f4+ Kf5 43. Kf3 g6 0-1

[Event "Warsaw YMCA Spring 34th"]
[Site "Warsaw"]
[Date "2007.04.13"]
[Round "3"]
[White "Szewczak, Andrzej"]
[Black "Wojtyra, Dariusz"]
[Result "1-0"]
[WhiteElo "1975"]
[BlackElo "1968"]
[PlyCount "97"]
[EventDate "2007.03.28"]
[EventType "tourn"]
[EventRounds "13"]
[EventCountry "POL"]
[SourceTitle "EXT 2019"]
[Source "ChessBase"]
[SourceDate "2018.10.10"]
[SourceVersion "1"]
[SourceVersionDate "2018.10.10"]
[SourceQuality "1"]

1. e4 e5 2. Nf3 Nc6 3. Bc4 Nf6 4. d3 Be7 5. Nc3 d6 6. Bd2 a6 7. Ne2 Bg4 8. h3 Bxf3 9. gxf3 d5 10. Bb3 h6 11. Nc3 dxe4 12. fxe4 Nd4 13. Be3 Bb4 14. Kf1 Bc5 15. Bxd4 Bxd4 16. Qf3 Qe7 17. Rb1 0-0-0 18. Ne2 Bb6 19. Ng3 g6 20. Bc4 Rhf8 21. b4 h5 22. a4 c6 23. a5 Ba7 24. Ke1 Nd7 25. h4 Nf6 26. c3 Ng4 27. Rb2 Kb8 28. Kd1 f5 29. exf5 gxf5 30. Kc1 Ka8 31. Qg2 e4 32. d4 e3 33. f4 Bb8 34. Qf3 Qh7 35. Rd1 Qh6 36. Ne2 Nf2 37. Rg1 Rfe8 38. Rg5 Ne4 39. Bf7 Re7 40. Rxf5 Qg7 41. Bxh5 Nxc3 42. Nxc3 Qxd4 43. Rc5 Bxf4 44. Kb1 Bd6 45. Rxc6 bxc6 46. Qxc6+ Ka7 47. b5 Bb4 48. b6+ Kb8 49. Bf3 1-0